| 000 | 00602nam a2200181 i 4500 | ||
|---|---|---|---|
| 001 | bg | ||
| 100 | 1 | _aSIERPOWSKI, Stanisław | |
| 245 | 1 | 0 |
_aŹródła do historii powszechnej okresu międzywojennego / _cStanisław Sierpowski ; Uniwersytet im. _nA. Mickiewicza w Poznaniu. - T., _p1927-1934. |
| 260 |
_aPoznań : _bWydaw. Naukowe UAM, _c1992. |
||
| 300 |
_a634 s. ; _c24 cm. |
||
| 504 | _aBibliogr. s. 13-14. - Indeksy. | ||
| 650 | 9 |
_aHistoria _xźródła _y1918-1939 r. |
|
| 040 | _cBPK | ||
| 041 | 0 | _apl | |
| 080 | _a94"1918/1939"(093) | ||
| 942 | _cKS | ||
| 008 | s pl f |000 0 pol | ||
| 999 |
_c32279 _d32279 |
||
| 856 |
_uhttp://koha.tu.koszalin.pl/cgi-bin/koha/opac-detail.pl?biblionumber=32279 _yKatalog online BPK |
||